All 2024 Olympic Medals: Fencing - Statistics

General Stats
  • This quiz has been taken 141 times
  • The average score is 35 of 90
Answer Stats
Gender Event Medal Nationality/Team Medalist % Correct
Men Individual Sabre Gold South Korea Oh Sang-uk
74%
Men Team Sabre Gold South Korea Oh Sang-uk
74%
Men Team Sabre Silver Hungary Aron Szilagyi
70%
Women Individual Foil Gold USA Lee Kiefer
67%
Women Team Foil Gold USA Lee Kiefer
67%
Women Individual Sabre Bronze Ukraine Olga Kharlan
65%
Women Team Sabre Gold Ukraine Olga Kharlan
65%
Men Team Sabre Bronze France Jean-Philippe Patrice
64%
Men Individual Epee Gold Japan Koki Kano
64%
Men Team Epee Silver Japan Koki Kano
64%
Men Team Sabre Bronze France Sebastien Patrice
64%
Men Individual Foil Gold Hong Kong Cheung Ka Long
63%
Men Individual Sabre Silver Tunisia Fares Ferjani
63%
Men Individual Sabre Bronze Italy Luigi Samele
63%
Men Individual Foil Bronze USA Nick Itkin
63%
Men Individual Epee Silver France Yannick Borel
63%
Women Individual Epee Gold Hong Kong Vivian Kong
61%
Women Individual Sabre Silver France Sara Balzer
60%
Men Team Sabre Bronze France Bolade Apithy
59%
Men Team Foil Bronze France Enzo Lefort
58%
Women Individual Sabre Gold France Manon Brunet
58%
Men Individual Epee Bronze Egypt Mohamed El-Sayed
57%
Men Team Epee Gold Hungary Gergely Siklosi
55%
Men Team Sabre Bronze France Maxime Pianfetti
55%
Men Team Sabre Silver Hungary Andras Szatmari
54%
Men Team Epee Gold Hungary Mate Tamas Koch
54%
Men Team Sabre Gold South Korea Gu Bon-gil
53%
Women Individual Foil Silver USA Lauren Scruggs
52%
Women Team Foil Gold USA Lauren Scruggs
52%
Men Team Foil Silver Italy Tommaso Marini
52%
Women Team Sabre Bronze Japan Misaki Emura
51%
Men Team Sabre Silver Hungary Krisztian Rabb
48%
Women Individual Epee Silver France Auriane Mallo
47%
Women Team Epee Silver France Auriane Mallo
47%
Men Team Sabre Silver Hungary Csanad Gemesi
47%
Men Individual Foil Silver Italy Filippo Macchi
47%
Men Team Foil Silver Italy Filippo Macchi
47%
Women Individual Foil Bronze Canada Eleanor Harvey
46%
Men Team Foil Bronze France Maxime Pauty
46%
Women Individual Epee Bronze Hungary Eszter Muhari
44%
Men Team Foil Silver Italy Alessio Foconi
43%
Men Team Epee Gold Hungary Tibor Andrasfi
43%
Women Team Foil Silver Italy Alice Volpi
42%
Men Team Foil Silver Italy Guillaume Bianchi
42%
Men Team Epee Silver Japan Masaru Yamada
42%
Men Team Sabre Gold South Korea Park Sang-won
39%
Men Team Foil Gold Japan Kyosuke Matsuyama
38%
Women Team Foil Silver Italy Arianna Errigo
37%
Men Team Foil Gold Japan Kazuki Iimura
37%
Men Team Epee Silver Japan Kazuyasu Minobe
37%
Men Team Sabre Gold South Korea Do Gyeong-dong
36%
Women Team Epee Silver France Marie-Florence Candassamy
36%
Women Team Epee Gold Italy Rossella Fiamingo
34%
Men Team Epee Gold Hungary David Nagy
33%
Men Team Epee Bronze Czechia Jakub Jurka
32%
Women Team Foil Gold USA Maia Weintraub
32%
Men Team Foil Gold Japan Takahiro Shikine
32%
Men Team Epee Bronze Czechia Jiri Beran
30%
Women Team Foil Silver Italy Martina Favaretto
30%
Men Team Epee Silver Japan Akira Komata
29%
Women Team Epee Gold Italy Alberta Santuccio
29%
Men Team Foil Bronze France Julien Mertine
29%
Women Team Foil Gold USA Jacqueline Dubrovich
27%
Women Team Epee Gold Italy Giulia Rizzi
26%
Men Team Foil Bronze France Maximilien Chastanet
26%
Women Team Epee Gold Italy Mara Navarria
25%
Women Team Epee Silver France Alexandra Louis-Marie
23%
Women Team Epee Silver France Coraline Vitalis
21%
Men Team Foil Gold Japan Yudai Nagano
21%
Women Team Sabre Silver South Korea Yoon Ji-su
20%
Women Team Foil Bronze Japan Yuka Ueno
19%
Women Team Epee Bronze Poland Alicja Klasik
17%
Women Team Sabre Silver South Korea Choi Se-bin
17%
Men Team Epee Bronze Czechia Martin Rubes
17%
Women Team Epee Bronze Poland Renata Knapik-Miazga
17%
Women Team Foil Bronze Japan Sera Azuma
17%
Women Team Sabre Bronze Japan Shihomi Fukushima
17%
Men Team Epee Bronze Czechia Michal Cupr
15%
Women Team Sabre Gold Ukraine Olena Kravatska
15%
Women Team Epee Bronze Poland Aleksandra Jarecka
14%
Women Team Sabre Gold Ukraine Alina Komashchuk
14%
Women Team Foil Silver Italy Francesca Palumbo
14%
Women Team Sabre Gold Ukraine Yuliya Bakastova
14%
Women Team Sabre Silver South Korea Jeon Ha-young
13%
Women Team Sabre Silver South Korea Jeon Eun-hye
12%
Women Team Sabre Bronze Japan Risa Takashima
11%
Women Team Foil Bronze Japan Karin Miyawaki
10%
Women Team Foil Bronze Japan Komaki Kikuchi
10%
Women Team Sabre Bronze Japan Seri Ozaki
10%
Women Team Epee Bronze Poland Martyna Swatowska-Wenglaczyk
0%
No matching quizzes found
Score Distribution
Percent of People with Each Score
Percentile by Number Answered
Your Score History
You have not taken this quiz